[Event "Dutch Open 2010"]
[Site "Dieren NED"]
[Date "2010.08.03"]
[Round "7.16"]
[White "Neverov, Valeriy"]
[Black "Mostertman, Milan"]
[Result "1-0"]
[WhiteElo "2544"]
[BlackElo "2207"]
[PlyCount "47"]
[EventDate "2010.07.27"]
[EventType "swiss"]
[EventRounds "9"]
[EventCountry "NED"]
[Source "lmi"]
[SourceDate "2010.07.27"]

1. d4 Nf6 2. c4 e6 3. Nc3 Bb4 4. e3 O-O 5. a3 Bxc3+ 6. bxc3 c5 7. Bd3 b6 8. e4
Ne8 9. Qh5 Qc7 10. Ne2 Ba6 11. d5 e5 12. f4 d6 13. f5 Nd7 14. a4 Bb7 15. O-O a6
16. Rf3 Nef6 17. Qh4 Rfe8 18. g4 h6 19. Bxh6 Kf8 20. g5 Ng8 21. Bxg7+ Kxg7 22.
f6+ Kg6 23. Nf4+ exf4 24. e5# 1-0

[Event "Dutch Open 2010"]
[Site "Dieren NED"]
[Date "2010.08.03"]
[Round "7.17"]
[White "Odendahl, Reiner"]
[Black "Kartsev, Alexandr"]
[Result "1/2-1/2"]
[WhiteElo "2382"]
[BlackElo "2145"]
[PlyCount "80"]
[EventDate "2010.07.27"]
[EventType "swiss"]
[EventRounds "9"]
[EventCountry "NED"]
[Source "lmi"]
[SourceDate "2010.07.27"]

1. Nf3 d6 2. d4 f5 3. g3 Nf6 4. Bg2 g6 5. c3 Bg7 6. Qb3 c6 7. O-O Qb6 8. Nbd2
Qxb3 9. axb3 O-O 10. Re1 Re8 11. Nc4 Na6 12. Nfd2 d5 13. Ne5 Nd7 14. Nxd7 Bxd7
15. Nf3 e5 16. Nxe5 Bxe5 17. dxe5 Rxe5 18. Be3 Be8 19. b4 Bf7 20. Bf1 Re4 21.
Red1 Re7 22. h4 Kf8 23. Bd4 Ke8 24. e3 Nc7 25. Bxa7 Kd7 26. Bd4 Ree8 27. Ra5
Rxa5 28. bxa5 Ra8 29. b4 Ne8 30. Be5 Ke6 31. f4 Nd6 32. Bxd6 Kxd6 33. Bg2 Kc7
34. Ra1 Be6 35. Kf2 Bc8 36. Ke2 h5 37. Kd2 Kd6 38. Bf1 b5 39. Bd3 Ba6 40. Bc2
Re8 1/2-1/2

[Event "Dutch Open 2010"]
[Site "Dieren NED"]
[Date "2010.08.03"]
[Round "7.18"]
[White "Bus, Tom"]
[Black "Huhndorf, Arnold"]
[Result "0-1"]
[WhiteElo "2179"]
[BlackElo "2311"]
[PlyCount "74"]
[EventDate "2010.07.27"]
[EventType "swiss"]
[EventRounds "9"]
[EventCountry "NED"]
[Source "lmi"]
[SourceDate "2010.07.27"]

1. c4 c5 2. g3 g6 3. Bg2 Bg7 4. Nc3 Nc6 5. a3 d6 6. Rb1 a5 7. Nf3 e5 8. O-O
Nge7 9. d3 O-O 10. Bg5 f6 11. Bd2 Be6 12. Ne1 d5 13. cxd5 Nxd5 14. Qb3 a4 15.
Qxb7 Na5 16. Qxd5 Bxd5 17. Bxd5+ Kh8 18. Bxa8 Qxa8 19. Nxa4 Nb3 20. Nb6 Qc6 21.
Nc4 Nd4 22. e4 f5 23. f3 h5 24. Be3 Nb3 25. Bd2 Qe6 26. Bc3 f4 27. Ng2 g5 28.
gxf4 exf4 29. e5 Qh3 30. Ne1 g4 31. Rf2 g3 32. Re2 Rg8 33. hxg3 fxg3 34. Nd6
Kh7 35. Ne4 Bh6 36. Nf6+ Kh8 37. Nxg8 Be3+ 0-1

[Event "Dutch Open 2010"]
[Site "Dieren NED"]
[Date "2010.08.03"]
[Round "7.19"]
[White "Rijnaarts, Sjef"]
[Black "De Ruiter, Danny"]
[Result "1-0"]
[WhiteElo "2264"]
[BlackElo "2116"]
[PlyCount "53"]
[EventDate "2010.07.27"]
[EventType "swiss"]
[EventRounds "9"]
[EventCountry "NED"]
[Source "lmi"]
[SourceDate "2010.07.27"]

1. e4 c5 2. Nf3 e6 3. d4 cxd4 4. Nxd4 Nc6 5. Nc3 Qc7 6. Be3 a6 7. Qd2 Nf6 8.
O-O-O Be7 9. f3 O-O 10. g4 b5 11. g5 Ne8 12. Nxc6 dxc6 13. f4 Nd6 14. Bd3 Qa5
15. Qf2 Rb8 16. e5 Nf5 17. Kb1 Rd8 18. Ne4 Rd5 19. Nf6+ Bxf6 20. gxf6 g6 21.
Bxf5 exf5 22. Rxd5 Be6 23. Bd2 Qa4 24. b3 Qe4 25. Qb6 Qxh1+ 26. Bc1 Rxb6 27.
Rd8# 1-0

[Event "Dutch Open 2010"]
[Site "Dieren NED"]
[Date "2010.08.03"]
[Round "7.20"]
[White "De Wilde, Rik"]
[Black "Sprangers, Remco"]
[Result "1/2-1/2"]
[WhiteElo "1956"]
[BlackElo "2260"]
[PlyCount "81"]
[EventDate "2010.07.27"]
[EventType "swiss"]
[EventRounds "9"]
[EventCountry "NED"]
[Source "lmi"]
[SourceDate "2010.07.27"]

1. e4 c5 2. Nf3 d6 3. c3 Nf6 4. h3 Nc6 5. Bd3 d5 6. exd5 Qxd5 7. Qe2 Bf5 8. Bc4
Qd6 9. Na3 a6 10. Nh4 Bd7 11. O-O g6 12. Nf3 Bg7 13. d4 cxd4 14. Rd1 Nd5 15.
Nc2 Nf4 16. Qe4 Bf5 17. Qxf4 Qxf4 18. Bxf4 Bxc2 19. Rd2 Bf5 20. Nxd4 Nxd4 21.
cxd4 Rc8 22. Bd5 Rd8 23. Bxb7 Rxd4 24. Rxd4 Bxd4 25. Rd1 e5 26. Bxe5 Bxe5 27.
Re1 f6 28. f4 Kd7 29. fxe5 fxe5 30. Bxa6 Rb8 31. b3 Kd6 32. Bc4 h5 33. Rd1+ Ke7
34. Rd5 Kf6 35. h4 Be4 36. Rd6+ Kf5 37. Bd3 Kf4 38. Kf2 Bf5 39. Bc4 Rf8 40. Be2
e4 41. Rd4 1/2-1/2

[Event "Dutch Open 2010"]
[Site "Dieren NED"]
[Date "2010.08.03"]
[Round "7.21"]
[White "Goudriaan, Etienne"]
[Black "Van Mierlo, Guido"]
[Result "1-0"]
[WhiteElo "2223"]
[BlackElo "2053"]
[PlyCount "91"]
[EventDate "2010.07.27"]
[EventType "swiss"]
[EventRounds "9"]
[EventCountry "NED"]
[Source "lmi"]
[SourceDate "2010.07.27"]

1. e4 e5 2. Nf3 Nc6 3. Bb5 a6 4. Ba4 Nf6 5. O-O b5 6. Bb3 Be7 7. Re1 d6 8. c3
O-O 9. h3 Nb8 10. d4 Nbd7 11. Nbd2 Bb7 12. Bc2 Re8 13. Nf1 Bf8 14. Ng3 g6 15.
b3 Bg7 16. d5 Bf8 17. Be3 c6 18. c4 Rc8 19. a4 Qc7 20. Rc1 Qb8 21. Qd2 cxd5 22.
cxd5 bxa4 23. bxa4 Nc5 24. Nh4 Be7 25. Bg5 Kh8 26. a5 Ng8 27. Nf3 f6 28. Be3
Bd8 29. h4 Rf8 30. h5 Qc7 31. Qe2 Qd7 32. hxg6 hxg6 33. Nh4 Qh7 34. Qg4 Ne7 35.
Rf1 Rc7 36. f4 exf4 37. Qxf4 g5 38. Qxd6 Qxh4 39. Rxf6 Rxf6 40. Qxd8+ Ng8 41.
Qxc7 Nd7 42. Bd4 Bxd5 43. Bxf6+ Ndxf6 44. Nf5 Ne8 45. Qe5+ Nef6 46. Nxh4 1-0

[Event "Dutch Open 2010"]
[Site "Dieren NED"]
[Date "2010.08.03"]
[Round "7.22"]
[White "Shalnev, Nikolai"]
[Black "Vereggen, Lars"]
[Result "1/2-1/2"]
[WhiteElo "2436"]
[BlackElo "1957"]
[PlyCount "72"]
[EventDate "2010.07.27"]
[EventType "swiss"]
[EventRounds "9"]
[EventCountry "NED"]
[Source "lmi"]
[SourceDate "2010.07.27"]

1. e4 c5 2. Nf3 d6 3. d4 cxd4 4. Nxd4 Nf6 5. Nc3 a6 6. g3 e5 7. Nde2 Be7 8. Bg2
Nc6 9. O-O O-O 10. h3 b5 11. g4 b4 12. Nd5 Nxd5 13. exd5 Nb8 14. Ng3 Bg5 15. a3
bxa3 16. Rxa3 Nd7 17. Bxg5 Qxg5 18. Ne4 Qe7 19. Qd2 f5 20. gxf5 Rxf5 21. Qb4
Nc5 22. Nxc5 dxc5 23. Qb6 Rf6 24. d6 Rxd6 25. Qxc5 Rb8 26. Rd3 Rd7 27. Qxe7
Rxe7 28. Rd8+ Kf7 29. Bd5+ Kf6 30. Rf8+ Kg6 31. Kh2 Kh6 32. Re1 Rc7 33. Bb3 Rb5
34. Re4 g6 35. Rc4 Rbc5 36. Rxc5 Rxc5 1/2-1/2

[Event "Dutch Open 2010"]
[Site "Dieren NED"]
[Date "2010.08.03"]
[Round "7.23"]
[White "Klein, David"]
[Black "Shalnyeva, Olga"]
[Result "1-0"]
[WhiteElo "2297"]
[BlackElo "2153"]
[PlyCount "43"]
[EventDate "2010.07.27"]
[EventType "swiss"]
[EventRounds "9"]
[EventCountry "NED"]
[Source "lmi"]
[SourceDate "2010.07.27"]

1. e4 c5 2. Nf3 d6 3. d4 cxd4 4. Nxd4 Nf6 5. Nc3 a6 6. Be3 e5 7. Nf3 Be6 8. Ng5
Qc7 9. Nxe6 fxe6 10. Qf3 Nc6 11. Qh3 Ke7 12. g4 g6 13. O-O-O Rb8 14. g5 Ne8 15.
Bc4 Nd8 16. Bxe6 Qxc3 17. bxc3 Nxe6 18. Kd2 N8c7 19. Rb1 Bg7 20. Rb6 Nf4 21.
Bxf4 exf4 22. Rhb1 1-0

[Event "Dutch Open 2010"]
[Site "Dieren NED"]
[Date "2010.08.03"]
[Round "7.25"]
[White "Both, Erik"]
[Black "Kahleys, Kevin"]
[Result "0-1"]
[WhiteElo "2195"]
[BlackElo "2071"]
[PlyCount "66"]
[EventDate "2010.07.27"]
[EventType "swiss"]
[EventRounds "9"]
[EventCountry "NED"]
[Source "lmi"]
[SourceDate "2010.07.27"]

1. e4 e6 2. d4 d5 3. e5 c5 4. c3 Qb6 5. Nf3 Nc6 6. a3 f6 7. Bd3 fxe5 8. Nxe5
Nf6 9. O-O cxd4 10. Nxc6 bxc6 11. cxd4 Bd6 12. Nc3 O-O 13. b4 e5 14. Be3 Ng4
15. h3 Nxe3 16. fxe3 Rxf1+ 17. Bxf1 Qd8 18. e4 Qg5 19. Qc1 Qg6 20. exd5 exd4
21. Ne2 d3 22. Qxc6 Rb8 23. Nc3 Bb7 24. Qc4 Rc8 25. Qd4 Qg3 26. Ne4 Qh2+ 27.
Kf2 Rf8+ 28. Ke1 Be5 29. Qxa7 Bxd5 30. Rd1 Bxe4 31. Qe7 Rxf1+ 32. Kxf1 Qxg2+
33. Ke1 Bg3# 0-1

[Event "Dutch Open 2010"]
[Site "Dieren NED"]
[Date "2010.03.08"]
[Round "8.1"]
[White "Fargere, Francois"]
[Black "L'Ami, Erwin"]
[Result "1/2-1/2"]
[WhiteElo "2478"]
[BlackElo "2620"]
[PlyCount "37"]
[EventDate "2010.07.27"]
[EventType "swiss"]
[EventRounds "9"]
[EventCountry "NED"]
[Source "lmi"]
[SourceDate "2010.07.27"]

1. e4 e5 2. Nf3 Nc6 3. Bb5 Nge7 4. Nc3 d6 5. d4 Bd7 6. O-O Ng6 7. Bg5 Be7 8.
Bxe7 Qxe7 9. Nd5 Qd8 10. Re1 O-O 11. dxe5 dxe5 12. c3 a6 13. Be2 Be6 14. Qb3
Rb8 15. Rad1 Kh8 16. Qc2 f6 17. h4 Rf7 18. h5 Nf8 19. Rd2 1/2-1/2

[Event "Dutch Open 2010"]
[Site "Dieren NED"]
[Date "2010.03.08"]
[Round "8.2"]
[White "Ernst, Sipke"]
[Black "Mekhitarian, Krikor Sevag"]
[Result "1/2-1/2"]
[WhiteElo "2583"]
[BlackElo "2511"]
[PlyCount "68"]
[EventDate "2010.07.27"]
[EventType "swiss"]
[EventRounds "9"]
[EventCountry "NED"]
[Source "lmi"]
[SourceDate "2010.07.27"]

1. d4 Nf6 2. c4 g6 3. Nc3 d5 4. cxd5 Nxd5 5. e4 Nxc3 6. bxc3 Bg7 7. Nf3 c5 8.
Be3 Qa5 9. Qd2 cxd4 10. cxd4 Qxd2+ 11. Nxd2 Nc6 12. Nb3 a5 13. Bb5 a4 14. Nc5
O-O 15. Bxc6 bxc6 16. Ke2 f5 17. e5 f4 18. Bd2 Rd8 19. Bc3 Rd5 20. Ne4 c5 21.
Nxc5 Bxe5 22. dxe5 Rxc5 23. Rhc1 Ba6+ 24. Kf3 Rac8 25. Bd2 g5 26. h4 h6 27.
hxg5 hxg5 28. Rxc5 Rxc5 29. g3 Rc2 30. Bc1 Bb7+ 31. Kg4 Rxf2 32. gxf4 gxf4 33.
Bxf4 a3 34. Be3 Re2 1/2-1/2

[Event "Dutch Open 2010"]
[Site "Dieren NED"]
[Date "2010.03.08"]
[Round "8.3"]
[White "Moradiabadi, Elshan"]
[Black "Iotov, Valentin"]
[Result "1/2-1/2"]
[WhiteElo "2571"]
[BlackElo "2581"]
[PlyCount "24"]
[EventDate "2010.07.27"]
[EventType "swiss"]
[EventRounds "9"]
[EventCountry "NED"]
[Source "lmi"]
[SourceDate "2010.07.27"]

1. d4 d5 2. c4 c6 3. Nc3 Nf6 4. cxd5 cxd5 5. Bf4 Nc6 6. e3 a6 7. Nf3 Bf5 8. Rc1
Rc8 9. Bd3 Bxd3 10. Qxd3 e6 11. O-O Bd6 12. Bxd6 Qxd6 1/2-1/2

[Event "Dutch Open 2010"]
[Site "Dieren NED"]
[Date "2010.03.08"]
[Round "8.4"]
[White "Ikonnikov, Vyacheslav"]
[Black "De Jong, Migchiel"]
[Result "1/2-1/2"]
[WhiteElo "2578"]
[BlackElo "2358"]
[PlyCount "100"]
[EventDate "2010.07.27"]
[EventType "swiss"]
[EventRounds "9"]
[EventCountry "NED"]
[Source "lmi"]
[SourceDate "2010.07.27"]

1. d4 Nf6 2. Nf3 g6 3. c4 Bg7 4. Nc3 O-O 5. e4 d6 6. Be2 e5 7. O-O c6 8. d5 Na6
9. Re1 Nc5 10. Bg5 cxd5 11. Bxf6 Bxf6 12. Qxd5 Be6 13. Qd2 Qb6 14. Bf1 Bg4 15.
Nd5 Qd8 16. Qe3 Ne6 17. h3 Bxf3 18. Qxf3 Bg5 19. Rad1 Nd4 20. Qd3 Qd7 21. b4
Rac8 22. f4 Bd8 23. c5 f6 24. Be2 dxc5 25. fxe5 Nxe2+ 26. Rxe2 Qe6 27. Qc4 Rf7
28. exf6 cxb4 29. Ne7+ Rxe7 30. Rxd8+ Rxd8 31. fxe7 Rd1+ 32. Kh2 Qxc4 33. e8=Q+
Kg7 34. Qe5+ Kg8 35. Qe8+ Kg7 36. Rf2 Qc7+ 37. e5 Rd8 38. Qe6 a5 39. g3 Rf8 40.
Rxf8 Kxf8 41. Qf6+ Qf7 42. Qd6+ Qe7 43. Qd5 a4 44. h4 Qc7 45. Qd4 Qc2+ 46. Kh3
Qf5+ 47. Kh2 Qc2+ 48. Kh3 Qf5+ 49. Kg2 Qc2+ 50. Kh3 Qf5+ 1/2-1/2

[Event "Dutch Open 2010"]
[Site "Dieren NED"]
[Date "2010.03.08"]
[Round "8.5"]
[White "Pruijssers, Roeland"]
[Black "Zoler, Dan"]
[Result "1/2-1/2"]
[WhiteElo "2462"]
[BlackElo "2474"]
[PlyCount "118"]
[EventDate "2010.07.27"]
[EventType "swiss"]
[EventRounds "9"]
[EventCountry "NED"]
[Source "lmi"]
[SourceDate "2010.07.27"]

1. e4 e5 2. Nf3 Nc6 3. Bb5 a6 4. Ba4 Nf6 5. O-O Be7 6. Re1 b5 7. Bb3 d6 8. c3
O-O 9. h3 Nb8 10. d4 Nbd7 11. Nbd2 Bb7 12. Bc2 Re8 13. a4 Bf8 14. Bd3 c6 15. b4
Nb6 16. axb5 axb5 17. Rxa8 Qxa8 18. Nb3 h6 19. Na5 Bc8 20. Qc2 Bd7 21. Bd2 Qb8
22. Rb1 Qc7 23. Be3 d5 24. dxe5 Nxe4 25. Bxe4 dxe4 26. Bxb6 Qxb6 27. Qxe4 c5
28. Rd1 Be6 29. Qc6 Qxc6 30. Nxc6 Bb3 31. Rd7 Re6 32. Na5 Ba4 33. Rd8 cxb4 34.
cxb4 g6 35. Nb7 Kg7 36. Nd6 Be7 37. Rd7 Kf8 38. Kf1 f6 39. Nd4 Rxe5 40. f4 Rd5
41. Ne6+ Kg8 42. Rxe7 Rxd6 43. Ke2 Bb3 44. Nc5 Bc4+ 45. Ke3 Rd1 46. Ne4 Kf8 47.
Rh7 Rd3+ 48. Kf2 Rd4 49. Ke3 Rd3+ 50. Kf2 f5 51. Nc5 Rd2+ 52. Kf3 Kg8 53. Rd7
Rb2 54. Rd8+ Kf7 55. Rd7+ Ke8 56. Rd6 Bf7 57. Rd4 Bc4 58. Rd6 Bf7 59. Rd4 Bc4
1/2-1/2

[Event "Dutch Open 2010"]
[Site "Dieren NED"]
[Date "2010.03.08"]
[Round "8.6"]
[White "Milov, Leonid"]
[Black "Van Delft, Merijn"]
[Result "1-0"]
[WhiteElo "2562"]
[BlackElo "2364"]
[PlyCount "129"]
[EventDate "2010.07.27"]
[EventType "swiss"]
[EventRounds "9"]
[EventCountry "NED"]
[Source "lmi"]
[SourceDate "2010.07.27"]

1. e4 c6 2. d4 d5 3. Nd2 dxe4 4. Nxe4 Bf5 5. Ng3 Bg6 6. h4 h6 7. Nh3 e6 8. Nf4
Bh7 9. c3 Nd7 10. Bd3 Bxd3 11. Nxd3 Ngf6 12. Nh5 Nxh5 13. Qxh5 Nf6 14. Qe2 Qd5
15. f3 Qc4 16. Bd2 Bd6 17. b3 Qa6 18. h5 O-O-O 19. Ne5 Qxe2+ 20. Kxe2 Rhf8 21.
c4 Nd7 22. Bc3 f6 23. Ng6 Rfe8 24. Rad1 b5 25. Rc1 bxc4 26. bxc4 e5 27. d5 e4
28. f4 Nc5 29. Ke3 Nd3 30. Rc2 Bc7 31. Bd4 cxd5 32. Rb1 a5 33. a3 Kd7 34. cxd5
Rb8 35. Rxb8 Bxb8 36. Rc6 Bd6 37. Rc3 a4 38. g3 Bc7 39. Rc6 Bd6 40. Rc3 Bc7 41.
Nh4 Ba5 42. Rc6 Be1 43. Nf5 Bf2+ 44. Ke2 Bxg3 45. Rd6+ Kc7 46. Bb6+ Kb7 47.
Nxg3 Nxf4+ 48. Ke3 Nxd5+ 49. Rxd5 Kxb6 50. Nf5 Kc6 51. Ra5 Kb6 52. Rd5 Kc6 53.
Rd6+ Kb5 54. Rxf6 gxf6 55. Nd6+ Kc5 56. Nxe8 Kc4 57. Nxf6 Kb3 58. Nxe4 Kxa3 59.
Nc5 Kb4 60. Nxa4 Kxa4 61. Kf4 Kb4 62. Kf5 Kc5 63. Kg6 Kd6 64. Kxh6 Ke7 65. Kg7
1-0

[Event "Dutch Open 2010"]
[Site "Dieren NED"]
[Date "2010.03.08"]
[Round "8.7"]
[White "Haub, Thorsten Michael"]
[Black "Zelbel, Patrick"]
[Result "1/2-1/2"]
[WhiteElo "2518"]
[BlackElo "2345"]
[PlyCount "24"]
[EventDate "2010.07.27"]
[EventType "swiss"]
[EventRounds "9"]
[EventCountry "NED"]
[Source "lmi"]
[SourceDate "2010.07.27"]

1. g3 d5 2. Bg2 c5 3. d3 Nc6 4. Nf3 e5 5. Nbd2 Nf6 6. e4 Be7 7. O-O O-O 8. c3
d4 9. Nc4 Qc7 10. cxd4 cxd4 11. a4 Be6 12. b3 Nd7 1/2-1/2

[Event "Dutch Open 2010"]
[Site "Dieren NED"]
[Date "2010.03.08"]
[Round "8.8"]
[White "Siebrecht, Sebastian"]
[Black "Brandenburg, Daan"]
[Result "0-1"]
[WhiteElo "2417"]
[BlackElo "2514"]
[PlyCount "110"]
[EventDate "2010.07.27"]
[EventType "swiss"]
[EventRounds "9"]
[EventCountry "NED"]
[Source "lmi"]
[SourceDate "2010.07.27"]

1. d4 d5 2. c4 e6 3. Nc3 c5 4. cxd5 exd5 5. Nf3 Nc6 6. g3 Nf6 7. Bg2 Be7 8. O-O
O-O 9. Bg5 cxd4 10. Nxd4 h6 11. Be3 Bg4 12. h3 Be6 13. Rc1 Qd7 14. Kh2 Rfe8 15.
Na4 Rac8 16. Nc5 Bxc5 17. Rxc5 a6 18. Nxc6 bxc6 19. Qa4 Qb7 20. b4 Nd7 21. Ra5
Ne5 22. Bc1 Nc4 23. Rxa6 Bf5 24. Ra7 Qb6 25. Ra6 Bc2 26. Rxb6 Bxa4 27. Ra6 Bb5
28. Ra7 Rxe2 29. a4 Ra2 30. axb5 Rxa7 31. bxc6 Rxc6 32. Bxd5 Rc8 33. b5 Ra1 34.
Kg2 Nd6 35. Bc6 Nxb5 36. Bxb5 Rcxc1 37. Rxc1 Rxc1 38. h4 g6 39. g4 g5 40. hxg5
hxg5 41. Kf3 Re1 42. Bd3 Kg7 43. Bf5 Kf6 44. Bd7 Ke5 45. Be8 f6 46. Bd7 Ra1 47.
Bc8 Ra3+ 48. Kg2 Kf4 49. Be6 Ra8 50. Bf5 Rh8 51. Bd7 Rh4 52. Be6 Rxg4+ 53. Bxg4
Kxg4 54. f3+ Kf4 55. Kf2 f5 0-1

[Event "Dutch Open 2010"]
[Site "Dieren NED"]
[Date "2010.03.08"]
[Round "8.9"]
[White "Miedema, David"]
[Black "Swinkels, Robin"]
[Result "0-1"]
[WhiteElo "2414"]
[BlackElo "2483"]
[PlyCount "52"]
[EventDate "2010.07.27"]
[EventType "swiss"]
[EventRounds "9"]
[EventCountry "NED"]
[Source "lmi"]
[SourceDate "2010.07.27"]

1. d4 d5 2. c4 dxc4 3. Nf3 Nf6 4. e3 e6 5. Bxc4 c5 6. O-O a6 7. Bb3 b5 8. a4 b4
9. Nbd2 Be7 10. e4 cxd4 11. e5 Nfd7 12. Nc4 Nc6 13. Nxd4 Ncxe5 14. Nxe5 Nxe5
15. Bf4 Bf6 16. Bxe5 Bxe5 17. Qf3 Bd7 18. Nxe6 Bxe6 19. Rad1 Bxh2+ 20. Kh1 Qh4
21. Qc6+ Ke7 22. Bxe6 fxe6 23. Rd7+ Kf6 24. Rfd1 Bg3+ 25. Kg1 Bxf2+ 26. Kf1 Qf4
0-1

[Event "Dutch Open 2010"]
[Site "Dieren NED"]
[Date "2010.03.08"]
[Round "8.10"]
[White "Michalczak, Thomas"]
[Black "Rietveld, Renze"]
[Result "1-0"]
[WhiteElo "2367"]
[BlackElo "2238"]
[PlyCount "61"]
[EventDate "2010.07.27"]
[EventType "swiss"]
[EventRounds "9"]
[EventCountry "NED"]
[Source "lmi"]
[SourceDate "2010.07.27"]

1. e4 e5 2. f4 d5 3. exd5 e4 4. d3 exd3 5. Bxd3 Nf6 6. c4 Be7 7. Nf3 O-O 8. O-O
c6 9. Nc3 cxd5 10. cxd5 Nbd7 11. Bc4 Nb6 12. Bb3 Bc5+ 13. Kh1 Bf5 14. Ne5 h5
15. Qf3 h4 16. Be3 Bb4 17. Rfe1 Bxc3 18. Bxb6 Qxb6 19. bxc3 a5 20. Rac1 a4 21.
Bc2 Bxc2 22. Rxc2 Qc5 23. c4 Rfd8 24. Rb2 Qc7 25. Qh3 a3 26. Rb3 Qa5 27. Qxh4
Qd2 28. Rh3 Kf8 29. Nf3 Qxa2 30. Qh8+ Ng8 31. Ng5 1-0

[Event "Dutch Open 2010"]
[Site "Dieren NED"]
[Date "2010.03.08"]
[Round "8.11"]
[White "Goudriaan, Etienne"]
[Black "Neverov, Valeriy"]
[Result "0-1"]
[WhiteElo "2223"]
[BlackElo "2544"]
[PlyCount "140"]
[EventDate "2010.07.27"]
[EventType "swiss"]
[EventRounds "9"]
[EventCountry "NED"]
[Source "lmi"]
[SourceDate "2010.07.27"]

1. e4 c5 2. Nf3 d6 3. d4 cxd4 4. Nxd4 Nf6 5. Nc3 e6 6. Be2 Be7 7. Be3 a6 8. a4
Nc6 9. O-O O-O 10. Kh1 Qc7 11. f4 Re8 12. Bf3 Bf8 13. Nb3 b6 14. a5 Nd7 15.
axb6 Nxb6 16. Nb5 axb5 17. Bxb6 Qb7 18. Rxa8 Qxa8 19. Qd2 Qb8 20. Be3 Bb7 21.
Na5 Nxa5 22. Qxa5 Qc8 23. Qb6 Qc4 24. Re1 Bxe4 25. Bxe4 Qxe4 26. Qxb5 Ra8 27.
Qe2 Ra2 28. Bc1 Qb4 29. Qe4 Qb5 30. h3 g6 31. Kh2 Bg7 32. b3 Bc3 33. Re2 Ra1
34. Bd2 d5 35. Qf3 Bf6 36. f5 exf5 37. Bh6 Qb8+ 38. Bf4 Qd8 39. Rd2 d4 40. c3
Qb6 41. cxd4 Bxd4 42. Qe2 Bf6 43. Rd6 Qg1+ 44. Kg3 Re1 45. Qd2 Be5 46. Bxe5
Rxe5 47. Rd3 Kg7 48. Qf2 Qc1 49. Kh2 Re1 50. Qd2 Qc7+ 51. g3 Qe5 52. Qc3 f6 53.
Rd7+ Kh6 54. Qxe5 fxe5 55. Kg2 Re2+ 56. Kf3 Rb2 57. Rb7 e4+ 58. Ke3 Rg2 59. Kf4
Rf2+ 60. Ke5 Rf3 61. g4 e3 62. Re7 e2 63. Kd4 fxg4 64. hxg4 Rxb3 65. Rxe2 Rb4+
66. Ke5 Rxg4 67. Kf6 Rf4+ 68. Ke5 Kg5 69. Ra2 h5 70. Ra6 Rf5+ 0-1

[Event "Dutch Open 2010"]
[Site "Dieren NED"]
[Date "2010.03.08"]
[Round "8.12"]
[White "Visser, Yge"]
[Black "Merza, Morris"]
[Result "1-0"]
[WhiteElo "2469"]
[BlackElo "2063"]
[PlyCount "123"]
[EventDate "2010.07.27"]
[EventType "swiss"]
[EventRounds "9"]
[EventCountry "NED"]
[Source "lmi"]
[SourceDate "2010.07.27"]

1. e4 c6 2. d4 d5 3. Nd2 dxe4 4. Nxe4 Bf5 5. Ng3 Bg6 6. Bc4 e6 7. N1e2 Be7 8.
Nf4 Bf6 9. c3 Nd7 10. Qe2 Ne7 11. h4 h6 12. Nxg6 Nxg6 13. h5 Ngf8 14. Ne4 Be7
15. Bf4 Nf6 16. Nc5 Qb6 17. Nd3 N8d7 18. Rh3 Qa5 19. Ne5 Nxe5 20. Bxe5 O-O-O
21. Kf1 Bd6 22. Rf3 Ng4 23. b4 Qc7 24. Bxg7 Nh2+ 25. Kg1 Nxf3+ 26. Qxf3 Rhg8
27. Bxh6 Qe7 28. Qh3 Qf6 29. Be3 Be7 30. b5 Qh4 31. Qxh4 Bxh4 32. bxc6 bxc6 33.
Rb1 Bg5 34. f4 Be7 35. Ba6+ Kd7 36. Rb7+ Ke8 37. Rxa7 Rg3 38. Kf2 Bh4 39. Bf1
Rg5+ 40. Ke2 Rxh5 41. a4 Rd7 42. Ra6 Bd8 43. Rxc6 Ra5 44. Kf3 Rc7 45. Rxc7 Bxc7
46. Bb5+ Ke7 47. c4 Ra8 48. Bc1 Ba5 49. Ba3+ Kf6 50. Bd6 Rd8 51. c5 Bb4 52. g4
Rxd6 53. cxd6 Bxd6 54. a5 Bc7 55. a6 Bb6 56. Ke4 Ke7 57. d5 Kd6 58. dxe6 Kxe6
59. Bc4+ Ke7 60. g5 Kf8 61. Kd5 Kg7 62. Bd3 1-0

[Event "Dutch Open 2010"]
[Site "Dieren NED"]
[Date "2010.03.08"]
[Round "8.14"]
[White "Huhndorf, Arnold"]
[Black "Heemskerk, Wim"]
[Result "1/2-1/2"]
[WhiteElo "2311"]
[BlackElo "2249"]
[PlyCount "29"]
[EventDate "2010.07.27"]
[EventType "swiss"]
[EventRounds "9"]
[EventCountry "NED"]
[Source "lmi"]
[SourceDate "2010.07.27"]

1. d4 Nf6 2. c4 e6 3. g3 d5 4. Nf3 Bb4+ 5. Bd2 Be7 6. Bg2 O-O 7. O-O c6 8. Qc2
Nbd7 9. Rd1 b6 10. Bf4 Ba6 11. b3 Rc8 12. Nc3 Qe8 13. e4 dxc4 14. Nd2 e5 15.
dxe5 1/2-1/2

[Event "Dutch Open 2010"]
[Site "Dieren NED"]
[Date "2010.03.08"]
[Round "8.15"]
[White "Hendrikx, Niels"]
[Black "Odendahl, Reiner"]
[Result "0-1"]
[WhiteElo "2108"]
[BlackElo "2382"]
[PlyCount "78"]
[EventDate "2010.07.27"]
[EventType "swiss"]
[EventRounds "9"]
[EventCountry "NED"]
[Source "lmi"]
[SourceDate "2010.07.27"]

1. e4 c5 2. Nc3 e6 3. g3 Nc6 4. Bg2 Nf6 5. f4 d5 6. e5 Nd7 7. Nf3 Rb8 8. O-O
Be7 9. Ne2 b5 10. d4 b4 11. c3 Ba6 12. Bh3 bxc3 13. bxc3 g6 14. Rf2 h5 15. Bf1
Qb6 16. Be3 Na5 17. Nc1 Nc4 18. Qe1 Nxe3 19. Qxe3 Bxf1 20. Kxf1 Qa6+ 21. Kg2
Qa3 22. Qd3 O-O 23. h3 Rfc8 24. Rc2 Rb2 25. Ne2 cxd4 26. Nfxd4 Nc5 27. Qd2 Ne4
28. Qc1 Rxc2 29. Qxc2 Bc5 30. Qb3 Qxb3 31. Nxb3 Ba3 32. g4 hxg4 33. hxg4 Nxc3
34. Ned4 Ne4 35. f5 Bb2 36. Rd1 gxf5 37. gxf5 exf5 38. Nxf5 Rc2+ 39. Kh3 Nf2+
0-1

[Event "Dutch Open 2010"]
[Site "Dieren NED"]
[Date "2010.03.08"]
[Round "8.16"]
[White "Kartsev, Alexandr"]
[Black "Klein, David"]
[Result "0-1"]
[WhiteElo "2145"]
[BlackElo "2297"]
[PlyCount "122"]
[EventDate "2010.07.27"]
[EventType "swiss"]
[EventRounds "9"]
[EventCountry "NED"]
[Source "lmi"]
[SourceDate "2010.07.27"]

1. e4 c5 2. c3 Nf6 3. e5 Nd5 4. d4 cxd4 5. Nf3 e6 6. cxd4 d6 7. Bc4 Nb6 8. Bd3
Nc6 9. Nc3 dxe5 10. dxe5 Nb4 11. Bb5+ Bd7 12. O-O Bxb5 13. Nxb5 a6 14. Nc3 Qxd1
15. Rxd1 N6d5 16. Ne4 h6 17. a3 Nc6 18. b4 Be7 19. Bb2 O-O-O 20. g3 Nb6 21. Bd4
Nxd4 22. Nxd4 Rd5 23. Rac1+ Kb8 24. Nf3 Rhd8 25. Rd2 Rxd2 26. Nfxd2 Rd3 27. Rc3
Rd5 28. f4 a5 29. bxa5 Rxa5 30. Nd6 Bxd6 31. exd6 Rd5 32. Ne4 Rd4 33. Rb3 Rxe4
34. Rxb6 Rd4 35. Kf2 Ka7 36. Rb3 Rxd6 37. Ke3 Ka6 38. Ke4 b5 39. Rc3 Kb7 40.
Rc5 Kb6 41. Rc8 Rc6 42. Rb8+ Ka5 43. Rb7 Rc4+ 44. Kd3 Ra4 45. Rxf7 Rxa3+ 46.
Kd4 g5 47. fxg5 hxg5 48. Rg7 g4 49. Ke5 Re3+ 50. Kf4 Re2 51. Rh7 b4 52. Kxg4 b3
53. Rb7 b2 54. Kf3 Rxh2 55. Ke3 Ka4 56. Kd3 Ka3 57. Kc3 Ka2 58. Ra7+ Kb1 59.
Rf7 Rg2 60. Rf3 Ka1 61. Rf1+ b1=Q 0-1

[Event "Dutch Open 2010"]
[Site "Dieren NED"]
[Date "2010.03.08"]
[Round "8.17"]
[White "Kahleys, Kevin"]
[Black "Diepeveen, Vincent"]
[Result "1/2-1/2"]
[WhiteElo "2071"]
[BlackElo "2294"]
[PlyCount "48"]
[EventDate "2010.07.27"]
[EventType "swiss"]
[EventRounds "9"]
[EventCountry "NED"]
[Source "lmi"]
[SourceDate "2010.07.27"]

1. d4 Nf6 2. Nf3 e6 3. c4 b6 4. g3 Bb7 5. Bg2 Be7 6. Nc3 O-O 7. O-O d6 8. b3
Nbd7 9. Bb2 a6 10. e3 c5 11. Re1 Qc7 12. Nh4 Bxg2 13. Kxg2 b5 14. cxb5 axb5 15.
a4 bxa4 16. Nxa4 c4 17. Nf3 Rfb8 18. bxc4 Rxa4 19. Qxa4 Rxb2 20. Reb1 Rxb1 21.
Rxb1 g6 22. Qa6 Kg7 23. Rb7 Qc8 24. Qa7 Qxc4 1/2-1/2